MDQL
is popping MORE tags! Check the
thread
!
Quizzes
Events
Quiz Creation
Community
Videos
Private Events
Remove Ads
Sign In
Join for FREE
Feedback
Dark Mode
Quiz Categories
Sports
Geography
Music
Movies
Television
Just For Fun
Miscellaneous
History
Literature
Language
Science
Gaming
Entertainment
Religion
Holiday
For Kids
Quiz Lab
Recent
Popular Today
Quiz Kudos Today
Editor Picks
Curator Picks
Quizzes by...
Day
Popularity
Type
Ratings
Length
Year
Community
Subscriptions
Recent Discussions
Orange Saloon
Badges
Playlists
Quests
Create
Leaderboards
Showdown
Live 5
Trivia Bingo
Activity
Puzzle Library
Sporcle Events
Private Events
Virtual Trivia
Globe League
Become a Host
Pub Owners
SporcleCon
Opinionation
Our Games
Videos
Blog
Mobile Apps
Partnerships
Remove Ads and Go Orange
Feedback
Literature
Harry Potter
A Song of Ice and Fire
The Hunger Games
Literary Character
Shakespeare
Book
Author
Novel
Poem
Young Adult
Children's Books
Play
Lord of the Rings
Literature
Harry Potter
A Song of Ice and Fire
The Hunger Games
Literary Character
Shakespeare
Book
Author
Novel
Poem
Young Adult
Children's Books
Play
Lord of the Rings
Random Quiz
Search Sporcle
×
Quiz Lab
Quiz Lab
Literature
Star Trek
Type in answers that appear in a list
Type in answers that appear in a list
Classic
Best Score? Go Orange.
Star Trek eps. titled after Shakespeare Stats
Can you name the Star Trek episodes titled after lines from Shakespeare ?
By
RosaG
16m
11 Questions
317 Plays
317 Plays
317 Plays
Comments
Comments
Give Quiz Kudos
Give Quiz Kudos
-
- Ratings
hide this ad
Replay
Link that replays current quiz
Next Quiz
Link to next quiz in quiz playlist
You Got
0%
They Got
Avg Score
32%
Avg Friend Score
Upgrade to see
Score Distribution
Jump to the score distribution portion of the page
Score
0/11
Timer
16:00
0
Plays Today
Series
Episode
% Correct
Original Series
Conscience of the King
75.7%
Original Series
Dagger of the Mind
52.1%
Original Series
By Any Other Name
49.8%
Deep Space Nine
The Dogs of War
36.9%
Deep Space Nine
Once More Unto the Breach
33.4%
Original Series
All Our Yesterdays
25.2%
Next Generation
Thine Own Self
21.8%
Voyager
Mortal Coil
17.7%
Deep Space Nine
The Die is Cast
17.4%
Deep Space Nine
Past Prologue
15.1%
Deep Space Nine
Heart of Stone
8.2%
Quiz Playlist
Details
Report
Send in Message
Add To Playlist
Classic:
Type in answers that appear in a list
Quiz Source
Last Updated: Feb 16, 2017
Quiz Scoreboard
CHALLENGE
Sign Up to Join the Scoreboard
Show All
Scores
Hide
Comments
May contain spoilers
Recently Published
Holiday 10x10 Sorting Gallery
by lukepisani3
Holiday
15m
Two Season TV Shows II
by 123Four
Television
10m
Image Sorting: Flags VI
by Barbecue
Geography
2m
More to Explore
Quiz From the Vault
Featured Blog Post
14 Easter Pick-up Lines to Find Eggs With
hide this ad
You Might Also Like...
Tags
Play Quiz
Shakespeare Quiz
Star Trek Quiz
episode
eps
star
trek
Today's Top Quizzes in Literature
Browse Literature
hide this ad
Today's Top Quizzes in Star Trek
Browse Star Trek
Top Contributed Quizzes in Literature
1
Sneaky Slytherin Logic Puzzle
2
Criteria Quiz: Harry Potter Deaths
3
Moaning Myrtle's Bathroom: Logic Puzzle
4
Get The Picture: Black or White Literature
5
Logic Puzzle: Avoid Dumbledore's Army
6
Harry Potter logic puzzle: The Hogwarts Soap Opera
7
Weasley Family Reunion: Logic Puzzle
8
'Middle' Earth
9
Missing Word: John Steinbeck Title Images
10
50 Books...Fast and Fatal!
Explore More
Trending Topics
NBA
Anime
Disney
Kpop
Harry Potter
Crossword
Marvel
Pokémon
Soccer
Puzzle
NFL
WWE
The Office
Country
Song
hide this ad
More By:
RosaG
Quiz
Plays
Rating
Category
Featured
Created
Common Words Starting with 'W'
37,907
4.51
Language
Jan 20, 2011
Countries by Number of Languages
6,485
4.28
Language
Dec 1, 2009
Red Dwarf Characters
2,663
1.86
Television
Sep 28, 2009
Blackadder Characters
2,565
4.17
Television
Oct 2, 2009
Star Trek Vulcans
1,801
4.00
Television
Oct 5, 2009
Go to Creator's Profile
Score Distribution
Quiz Creator Spotlight
RosaG
Follow
Send a Message
Quizzes Created
-
Created Quiz Play Count
-
More By This Creator
Popular Quizzes Today
1
Find the US States - No Outlines Minefield
2
Colored Red Africa Blitz
3
Find the 'City' Movie
4
The Countries of the World
5
Find the US States
6
5x2 Blitz: Bands
7
Find the Countries of Europe - No Outlines Minefield
8
US States
More Literature Quizzes
The Nine (or... 32) Lives of Harry Potter
Published
Trending Quizzes
Colored Red Europe Blitz I
Colored Red Europe Blitz II
Colored Red Africa Blitz II
Colored Red Europe Blitz III
Colored Red Africa Blitz III
Recently Updated
Odd Team Out - Big 4 Players
pecheneg
Quick Pick: 20 Twenties
pecheneg
March Madness Men's Triple Doubles
pecheneg
How Do You Spell That?
pecheneg
Godzilla Movies
pecheneg
Grab Bag: 4-10 Letters
pecheneg
2024 March Madness Bracket
pecheneg
Famous TV Couples
Peacemaker
Champions League XIs: Real Madrid
pecheneg
Largest US Cities 1790-2010
pecheneg
Trending Topics
Harry Potter
Kpop
Disney
Crossword
Anime
Marvel
NBA
WWE
Country
Pokémon
Song
NFL
The Office
Puzzle
Soccer
Your Account Isn't Verified!
In order to create a playlist on Sporcle, you need to verify the email address you used during registration. Go to your
Sporcle Settings
to finish the process.
Report this User
Report this user for behavior that violates our
Community Guidelines
.
Details:
Send Report
Go to the Sporcle.com Mobile Site →
Comments